| 000 | 00547nam a2200169 a 4500 | ||
|---|---|---|---|
| 020 | _a9062249922 | ||
| 040 | _cDLC | ||
| 082 | _a016 PUB1993 C146 Or. | ||
| 100 | 1 | _aHombergh, Heleen van den | |
| 245 | 1 | 0 |
_aGender, environment, and development : _ba guide to the literature / |
| 260 |
_aUtrecht, The Netherlands : _bPublished for the Institute for Development Research Amsterdam by International Books, _c1993 |
||
| 300 |
_a175 p. ; _c22 cm |
||
| 650 | 0 | _aHuman ecology | |
| 650 | 0 | _aWomen in development | |
| 650 | 0 | _aSex role | |
| 942 | _cAEDBB | ||
| 999 |
_c18463 _d18463 |
||